00824nam a2200169 a 4500008004100000020001500041050002200056100001800078245001000096246002300106260003800129350000900167995015700176995014800333995015600481999001700637120416s1999 ||||||||||||||||| || u a0074636073 aQA 76.73.C153 Fri aFriedman, Art10aC/C++ aannotated archives aNew DelhibTata McGraw-Hillc1999 a0.00 aMAIN LIBRARY OPEN ACCESSD0.00e732444FCBU-MAIN LIBRARY (Kitwe)H3I40.00jQA 76.73.C153 FriM3UAVAILABLEy029641ZMain Library Open Access Collection aBINDERY (DAMAGED)D0.00e732445FCBU-MAIN LIBRARY (Kitwe)H1I40.00jQA 76.73.C153 FriM1UDAMAGEDy029639ZMain Library Open Access Collection aANNEX COLLECTION (Main Library)D0.00e732446FCBU-MAIN LIBRARY (Kitwe)H2I40.00jQA 76.73.C153 FriM2UAVAILABLEy029640ZAnnex Low-Usage Collection  c79092d79092